Sławni Polacy - Statystyki

Ogólne statystyki
  • Ten quiz został rozwiązany 903 razy
  • Średni wynik to 13 z 43
Statystyki odpowiedzi
Obrazkowy Hint Odpowiedź % Poprawnych
Duchowny Jan Paweł II
99%
Chemik i fizyk Maria Skłodowska-Curie
91%
Piłkarz Robert Lewandowski
91%
m.in. astronom, prawnik, lekarz Mikołaj Kopernik
90%
Kompozytor Fryderyk Chopin
85%
Żołnierz Józef Piłsudski
79%
Pisarz Henryk Sienkiewicz
78%
Poeta Adam Mickiewicz
76%
Pisarka Wisława Szymborska
71%
Malarz Jan Matejko
63%
Inżynier wojskowy Tadeusz Kościuszko
53%
Poeta Jan Kochanowski
50%
Żołnierz Witold Pilecki
40%
Pisarz Władysław Reymont
34%
Astronauta Mirosław Hermaszewski
31%
Pomaganie ludziom na II WŚ Irena Sendlerowa
27%
Lekarz, pisarz, pedagog Janusz Korczak
27%
Duchowna Faustyna Kowalska
24%
Himalaista Jerzy Kukuczka
20%
Alpinistka i himalaistka Wanda Rutkiewicz
20%
Astronom Jan Heweliusz
17%
Farmaceuta Ignacy Łukasiewicz
16%
Aktorka Pola Negri
15%
Polarnik Marek Kamiński
10%
Politolog Zbigniew Brzeziński
8%
Pisarz Józef Wybicki
7%
Astronom Aleksander Wolszczan
4%
Inżynier Ernest Malinowski
4%
Lekarz Ludwik Zamenhof
4%
Kryptolog Marian Rejewski
4%
Biochemik Kazimierz Funk
3%
Geolog Paweł Strzelecki
3%
Geolog Ignacy Domeyko
2%
Agentka Krystyna Skarbek
2%
Biolog Rudolf Weigel
2%
Chemik Jan Czochralski
1%
Wynalazca Jan Szczepanik
1%
Operator filmowy Kazimierz Prószyński
1%
Matematyk Stanisław Ulam
1%
Lekarka Wanda Błeńska
1%
Lekarz Ludwik Hirszfeld
0%
Inżynier Stefan Drzewiecki
0%
Wywiadowczyni KG AK Zofia Rapp-Kochańska
0%
Nie znaleziono quizów pasujących do podanych kryteriów
Rozkład punktacji
Procent ludzi z każdym wynikiem
Percentyl według liczby udzielonych odpowiedzi
Twoja historia wyników
Nie rozwiązałeś tego quizu